Pastoračný plán KBS a masmédiá

Bibliographic Details
Main Author: Pribula, Marek, 1974-2010 (Author)
Format: Article
Language:Slovak
ISSN:1335-5570
Subjects:

MARC

LEADER 00000nab a2200000 a 4500
001 vtls008872431
003 SK-MaSNL
005 20260304145643.0
008 250505c2001 xo qr|p|||||||000 b|slo
015 |a SNBRB2006/10 
035 |a (uuid)24a04070-e060-4a24-82d4-4e934e487d41 
035 |a urn:nbn:sk:snk-ab9qit 
035 |a (urnnbn)urn:nbn:sk:snk:ar-a08oyo 
038 |a SNKBUCL 
040 |a SNKBUCL  |b slo  |c SNKBUCL  |e AACR2 
041 0 |a slo  |b eng 
044 |a xo  |c SK 
080 |a 253  |2 1997 
100 1 |a Pribula, Marek,  |d 1974-2010  |4 aut 
245 1 0 |a Pastoračný plán KBS a masmédiá  |c Marek Pribula 
504 |a Bibliogr. odkazy 
546 |a Res. angl. 
610 2 7 |a Katolícka cirkev.  |b Konferencia biskupov Slovenska  |2 snkbucl  |9 118261 
648 7 |a 2001  |2 snkbucl  |9 296180 
650 0 7 |a pastoračné plány  |2 snkbucl  |9 1468803 
773 0 |t Theologos  |g Roč. III, č. 3 (2001), s. 80-83  |x 1335-5570 
850 |a Slovenská národná knižnica 
852 |a Slovenská národná knižnica 
954 |a odborná, vedecká literatúra pôvodná (slovenská)  |2 lita 
958 |a article13 
958 |a OND 
958 |a NT 
958 |a SK 
958 |a NB 
958 |a EUIPO 
999 |c 2936301  |d 2938231